Engineering Drawing from the Beginning : (Record no. 606836)

000 -LEADER
fixed length control field 00343nam a22001337a 4500
040 ## - CATALOGING SOURCE
Transcribing agency NUST
082 ## - DEWEY DECIMAL CLASSIFICATION NUMBER
Classification number 604.2
Author Mark COU
100 ## - MAIN ENTRY--PERSONAL NAME
Personal name Cousins, M.F
9 (RLIN) 118659
245 ## - TITLE STATEMENT
Title Engineering Drawing from the Beginning :
Remainder of title Volume 1 /
Statement of responsibility, etc. M.F Cousins
260 ## - PUBLICATION, DISTRIBUTION, ETC.
Place of publication, distribution, etc. London :
Name of publisher, distributor, etc. Pergamon Press Ltd;
Date of publication, distribution, etc. 1964.
300 ## - PHYSICAL DESCRIPTION
Extent 163p.
521 ## - TARGET AUDIENCE NOTE
Source HB
942 ## - ADDED ENTRY ELEMENTS (KOHA)
Source of classification or shelving scheme
Koha item type Book
Holdings
Withdrawn status Lost status Source of classification or shelving scheme Damaged status Not for loan Permanent Location Current Location Shelving location Date acquired Total Checkouts Full call number Barcode Date last seen Price effective from Koha item type
          School of Mechanical & Manufacturing Engineering (SMME) School of Mechanical & Manufacturing Engineering (SMME) Aerospace Engineering 11/27/2023   604.2 COU SMME-4465 11/27/2023 11/27/2023 Book
          School of Mechanical & Manufacturing Engineering (SMME) School of Mechanical & Manufacturing Engineering (SMME) Aerospace Engineering 11/27/2023   604.2 COU SMME-4466 11/27/2023 11/27/2023 Book
          School of Mechanical & Manufacturing Engineering (SMME) School of Mechanical & Manufacturing Engineering (SMME) Aerospace Engineering 11/27/2023   604.2 COU SMME-4467 11/27/2023 11/27/2023 Book
© 2023 Central Library, National University of Sciences and Technology. All Rights Reserved.